000 00887 a2200229 4500
003 Nust
005 20221228133121.0
010 _a 96048928
020 _a0312165870
040 _cNust
082 0 0 _a297.72, DAV
100 1 _aDavis, Joyce,
_9106219
245 1 0 _aBetween Jihad and Salaam :
_bprofiles in Islam/
_cJoyce M. Davis.
260 _aNew York :
_bSt. Martin's Press,
_c1997.
300 _axxv, 339 p. ;
_c22 cm.
505 _aLectures on Jihad and Salaam (Pages 1 to 297), Notes (Page-331).
650 0 _aMuslims
_xBiography.
_9106220
856 4 2 _3Contributor biographical information
_uhttp://www.loc.gov/catdir/enhancements/fy0667/96048928-b.html
856 4 2 _3Publisher description
_uhttp://www.loc.gov/catdir/enhancements/fy0667/96048928-d.html
856 4 2 _3Table of contents only
_uhttp://www.loc.gov/catdir/enhancements/fy0667/96048928-t.html
942 _2ddc
_cBK
999 _c185691
_d185691